Supply and installation of plant and equipment : (Record no. 343672)
[ view plain ]
| 000 -LEADER | |
|---|---|
| fixed length control field | 00808 a2200241 4500 |
| 003 - CONTROL NUMBER IDENTIFIER | |
| control field | OSt |
| 005 - DATE AND TIME OF LATEST TRANSACTION | |
| control field | 20180116182651.0 |
| 008 - FIXED-LENGTH DATA ELEMENTS--GENERAL INFORMATION | |
| fixed length control field | 160506b xxu||||| |||| 00| 0 eng d |
| 020 ## - INTERNATIONAL STANDARD BOOK NUMBER | |
| International Standard Book Number | 0821341545 |
| 020 ## - INTERNATIONAL STANDARD BOOK NUMBER | |
| International Standard Book Number | 9780821341544 |
| 040 ## - CATALOGING SOURCE | |
| Transcribing agency | 0 |
| 100 ## - MAIN ENTRY--PERSONAL NAME | |
| Personal name | World Bank Publications. |
| 245 00 - TITLE STATEMENT | |
| Title | Supply and installation of plant and equipment : |
| Remainder of title | november 1997. |
| 250 ## - EDITION STATEMENT | |
| Edition statement | Rev. Jan. 1999 ed. |
| 260 ## - PUBLICATION, DISTRIBUTION, ETC. | |
| Place of publication, distribution, etc. | [S.l.] : |
| Name of publisher, distributor, etc. | World Bank Publications, |
| Date of publication, distribution, etc. | 1998. |
| 300 ## - PHYSICAL DESCRIPTION | |
| Extent | 240 p. |
| 500 ## - GENERAL NOTE | |
| General note | Hardcover. |
| 600 ## - SUBJECT ADDED ENTRY--PERSONAL NAME | |
| Personal name | World Bank Publications. |
| 700 1# - ADDED ENTRY--PERSONAL NAME | |
| Personal name | Group, World Bank. |
| 856 40 - ELECTRONIC LOCATION AND ACCESS | |
| Materials specified | Amazon.com |
| Uniform Resource Identifier | <a href="http://www.amazon.com/exec/obidos/ASIN/0821341545/chopaconline-20">http://www.amazon.com/exec/obidos/ASIN/0821341545/chopaconline-20</a> |
| 856 40 - ELECTRONIC LOCATION AND ACCESS | |
| Materials specified | Amazon customer reviews |
| Uniform Resource Identifier | <a href="http://www.chopac.org/cgi-bin/tools/azrev.pl?q=0821341545">http://www.chopac.org/cgi-bin/tools/azrev.pl?q=0821341545</a> |
| 942 ## - ADDED ENTRY ELEMENTS (KOHA) | |
| Institution code [OBSOLETE] | NBS |
| Koha item type | Book |
| Call number prefix | 346.73023 WOR |
| Source of classification or shelving scheme | |
| Withdrawn status | Lost status | Damaged status | Not for loan | Permanent Location | Current Location | Date acquired | Total Checkouts | Full call number | Barcode | Date last seen | Date last checked out | Price effective from | Koha item type |
|---|---|---|---|---|---|---|---|---|---|---|---|---|---|
| NUST Law School (NLS) | NUST Law School (NLS) | 08/28/2013 | 1 | 346.73023 WOR | NBS1793 | 11/23/2017 | 08/18/2017 | 08/28/2013 | Book |
